MDQL
is popping MORE tags! Check the
thread
!
Quizzes
Events
Quiz Creation
Community
Videos
Private Events
Remove Ads
Sign In
Join for FREE
Feedback
Dark Mode
Quiz Categories
Sports
Geography
Music
Movies
Television
Just For Fun
Miscellaneous
History
Literature
Language
Science
Gaming
Entertainment
Religion
Holiday
For Kids
Quiz Lab
Recent
Popular Today
Quiz Kudos Today
Editor Picks
Curator Picks
Quizzes by...
Day
Popularity
Type
Ratings
Length
Year
Community
Subscriptions
Recent Discussions
Orange Saloon
Badges
Playlists
Quests
Create
Leaderboards
Showdown
Live 5
Trivia Bingo
Activity
Puzzle Library
Sporcle Events
Private Events
Virtual Trivia
Globe League
Become a Host
Pub Owners
SporcleCon
Opinionation
Our Games
Videos
Blog
Mobile Apps
Partnerships
Remove Ads and Go Orange
Feedback
Entertainment
Celebrity
Famous
Musical
Broadway
Show
Quote
Comic Books
Anime
Superhero
DC Comics
Marvel
Cartoons
Animation
Entertainment
Celebrity
Famous
Musical
Broadway
Show
Quote
Comic Books
Anime
Superhero
DC Comics
Marvel
Cartoons
Animation
Random Quiz
Search Sporcle
×
Quiz Lab
Quiz Lab
Entertainment
Book
Type in answers that appear in a list
Type in answers that appear in a list
Classic
Best Score? Go Orange.
Fill in the blanks BOOKS Stats
Can you name the Fill in the blanks BOOKS?
By
kiwiaubs
13m
20 Questions
25 Plays
25 Plays
25 Plays
Comments
Comments
Give Quiz Kudos
Give Quiz Kudos
-
- Ratings
hide this ad
Wrong Answers
Some wrong answers will appear in red
Some wrong answers will appear in red
Replay
Link that replays current quiz
Next Quiz
Link to next quiz in quiz playlist
You Got
0%
They Got
Avg Score
40%
Avg Friend Score
Upgrade to see
Score Distribution
Jump to the score distribution portion of the page
Score
0/20
Timer
13:00
0
Plays Today
book
% Correct
The Lord of the _
_
_
_
_
_
_
???
96%
The _
_
_
_
_
_
_
Games
???
92%
Romeo and _
_
_
_
_
_
_
_
???
92%
Jane _
_
_
_
_
_
_
_
???
80%
Harry Potter and the _
_
_
_
_
_
_
_
_
Prince
???
76%
The _
_
_
_
_
_
_
_
_
???
72%
_
_
_
_
_
_
_
_
_
_
_
Dawn
???
68%
Percy Jackson and the _
_
_
_
_
_
_
Theif
???
52%
The Princess _
_
_
_
_
_
_
_
_
???
40%
The _
_
_
_
_
_
Theif
???
36%
book
% Correct
The Tales Of Beedle the _
_
_
_
_
???
32%
_
_
_
_
_
_
_
_
_
_
_
_
_
???
12%
The _
_
_
_
_
_
_
_
_
Wars
???
8%
School _
_
_
_
_
_
_
_
_
_
???
8%
Sebastian Darke, Prince of _
_
_
_
_
_
???
8%
Inna _
_
_
_
_
_
_
_
_
_
???
8%
Hells _
_
_
_
_
???
8%
Bow Down _
_
_
_
_
_
_
_
???
8%
_
_
_
_
_
_
_
_
_
_
_
Quest
???
8%
Final _
_
_
_
_
???
4%
Quiz Playlist
Details
Report
Send in Message
Add To Playlist
Classic:
Type in answers that appear in a list
Wrong Answers:
Some wrong answers will appear in red
Last Updated: Feb 16, 2017
Quiz Scoreboard
CHALLENGE
Sign Up to Join the Scoreboard
Show All
Scores
Hide
Comments
May contain spoilers
Recently Published
Two Season TV Shows II
by 123Four
Television
10m
Image Sorting: Flags VI
by Barbecue
Geography
2m
Find the 'City' Movie
by crazypaving
Movies
60s
More to Explore
Quiz From the Vault
Featured Blog Post
14 Easter Pick-up Lines to Find Eggs With
hide this ad
You Might Also Like...
Tags
Book Quiz
blank
Today's Top Quizzes in Entertainment
Browse Entertainment
hide this ad
Today's Top Quizzes in Book
Browse Book
Top Contributed Quizzes in Entertainment
1
Marvel Classic Character Map
2
Dragon Ball Z: Goku's Fights in Order
3
Marvel Characters Bunker
4
Movie-Themed Roller Coasters
5
JoJo's Bizarre Logic Quiz
6
Harry Styles-Are you no.1 fan
7
Sorting Pictures: Villains
8
This is Your Life: Edward Elric
9
This is Your Life: Itachi Uchiha
10
Celebrity Spelling Bee
Explore More
Trending Topics
Harry Potter
Marvel
Disney
Kpop
Crossword
NBA
Anime
WWE
Puzzle
The Office
Song
NFL
Pokémon
Soccer
Country
hide this ad
More By:
kiwiaubs
Quiz
Plays
Rating
Category
Featured
Created
school rumble characters
71
4.00
Television
Oct 8, 2012
Fill in the blanks BOOKS
25
2.00
Entertainment
Nov 21, 2012
Go to Creator's Profile
Score Distribution
Quiz Creator Spotlight
kiwiaubs
Follow
Send a Message
Quizzes Created
-
Created Quiz Play Count
-
More By This Creator
Popular Quizzes Today
1
Find the US States - No Outlines Minefield
2
Colored Red Africa Blitz
3
Find the 'City' Movie
4
5x2 Blitz: Bands
5
The Countries of the World
6
Find the Countries of Europe - No Outlines Minefield
7
Find the US States
8
US States
More Entertainment Quizzes
Caped Crusaders
Published
Trending Quizzes
Colored Red Europe Blitz I
Colored Red Africa Blitz II
Colored Red Europe Blitz II
Colored Red Africa Blitz III
Colored Red Europe Blitz III
Recently Updated
How Do You Spell That?
pecheneg
Godzilla Movies
pecheneg
Grab Bag: 4-10 Letters
pecheneg
2024 March Madness Bracket
pecheneg
Famous TV Couples
Peacemaker
Champions League XIs: Real Madrid
pecheneg
Largest US Cities 1790-2010
pecheneg
Rides in Walt Disney World
pecheneg
Most Oscar Losses (Acting)
pecheneg
Beyoncé Albums
pecheneg
Trending Topics
Harry Potter
NBA
Crossword
Anime
Kpop
Disney
Marvel
The Office
Pokémon
NFL
Song
WWE
Puzzle
Soccer
Country
Your Account Isn't Verified!
In order to create a playlist on Sporcle, you need to verify the email address you used during registration. Go to your
Sporcle Settings
to finish the process.
Report this User
Report this user for behavior that violates our
Community Guidelines
.
Details:
Send Report
Go to the Sporcle.com Mobile Site →
Comments